000 00658nam a2200241Ia 4500
003 OSt
005 20220925223016.0
006 a|||||r|||| 00| 0
007 ta
008 220923b |||||||| |||| 00| 0 eng d
037 _cGeneral Book
040 _aRTL
_cRTL
_beng
041 _2eng
_aeng
082 _aX:3L, N0
100 _aSmith Dennis
_920880
245 0 _aCapitalist democracy on tria
_b The transatlantic de
260 _aLondon
_bRoutledge
_c1990
300 _ax+235p
_ccm.
500 _aBibliography: P 204-17
650 _aWages
_9229845
942 _hX:3L, N0
_cGB
_2CC
999 _c578339
_d578339